Score 0/20 Timer 02:00
1 Play Today
Scramble Answer % Correct
LEVENEELEVEN
95.4%
RUNUSAURANUS
92.7%
FARCAIAFRICA
92.5%
HOPSBIBISHOP
92%
RANGOEORANGE
91.1%
DEAAVNNEVADA
90%
PRYMUGGRUMPY
90%
HELMATHAMLET
87.6%
VEILRSSILVER
87%
WEDNESSWEDEN
85.2%
Scramble Answer % Correct
NIKSCKKNICKS
84.5%
DAMDRIMADRID
83%
NOSMALSALMON
78.2%
PROYSTSPORTY
69.2%
RUUTSATAURUS
66.7%
LOOPALAPOLLO
61.3%
RATNUMTRUMAN
56.4%
UJUANEJUNEAU
53.8%
ROSIELOILERS
37.3%
WOWTEMMEWTWO
34.2%
Remove Ads.
Support Sporcle.
Get the best of Sporcle when you Go Orange. This ad-free experience offers more features, more stats, and more fun while also helping to support Sporcle. Thank you for becoming a member.

You're not logged in!

Compare scores with friends on all Sporcle quizzes.
OR
Log In

Show Comments

Extras

Top Quizzes Today


Score Distribution

Your Account Isn't Verified!

In order to create a playlist on Sporcle, you need to verify the email address you used during registration. Go to your Sporcle Settings to finish the process.

Report this User

Report this user for behavior that violates our Community Guidelines.

Details: